[Event "Amagermesterskabet Mester 2013"]
[Site "Sundbyoster"]
[Date "2013.08.20"]
[Round "1"]
[White "Nielsen, Jens Holm"]
[Black "Moller, Arne Vagn"]
[Result "1-0"]
[WhiteElo "1704"]
[BlackElo "1702"]
[PlyCount "77"]
[EventDate "2013.??.??"]

1. d4 Nf6 2. Nf3 e6 3. Bf4 c5 4. c3 Nc6 5. e3 d5 6. Nbd2 a6 7. Bd3 c4 8. Bc2 b5
9. a3 Bb7 10. O-O Be7 11. Qe2 Nh5 12. Ne5 Nxf4 13. exf4 g6 14. Rae1 O-O 15.
Ndf3 Bf6 16. Ng4 Bg7 17. h4 Bc8 18. h5 f5 19. Nge5 Nxe5 20. dxe5 Bh6 21. hxg6
hxg6 22. g3 g5 23. fxg5 Bxg5 24. Nd4 Qe8 25. f4 Bh6 26. Kg2 Ra7 27. Rh1 Qg6 28.
Qh5 Rg7 29. Qxg6 Rxg6 30. Kf2 Kf7 31. Bd1 Ke7 32. Bh5 Rg7 33. Bf3 Rg6 34. Bh5
Rg7 35. Bf3 Rg6 36. Rh3 Rfg8 37. Reh1 Bf8 38. Rh7+ Ke8 39. Bh5 1-0

[Event "Amagermesterskabet Mester 2013"]
[Site "Sundbyoster"]
[Date "2013.08.20"]
[Round "1"]
[White "Nielsen, Jorgen Kamp"]
[Black "Petersen, Nils"]
[Result "1/2-1/2"]
[WhiteElo "1595"]
[BlackElo "1891"]
[PlyCount "69"]
[EventDate "2013.??.??"]

1. e4 c5 2. Nc3 Nc6 3. f4 a6 4. Nf3 Nd4 5. Nd5 e6 6. Ne3 Ne7 7. e5 Nec6 8. c3
Nxf3+ 9. Qxf3 Be7 10. Bd3 g6 11. O-O O-O 12. Bc2 f5 13. d3 b5 14. Bd2 Bb7 15.
Qh3 Rf7 16. g4 Rg7 17. Ng2 d6 18. Rfe1 d5 19. b3 d4 20. c4 b4 21. Bd1 a5 22.
Bf3 Qc7 23. g5 Kf7 24. Re2 Rh8 25. Qg3 h6 26. h4 hxg5 27. fxg5 Nd8 28. a4 Bc6
29. Rf1 Bxf3 30. Rxf3 Qc6 31. Rff2 Rgh7 32. Qf3 Rh5 33. Qxc6 Nxc6 34. Bf4 Bd8
35. Rf3 1/2-1/2

[Event "Amagermesterskabet Mester 2013"]
[Site "Sundbyoster"]
[Date "2013.09.17"]
[Round "1"]
[White "Petersen, Tobias Christian"]
[Black "Lontoft, Sven"]
[Result "1/2-1/2"]
[WhiteElo "1722"]
[BlackElo "1689"]
[PlyCount "157"]
[EventDate "2013.??.??"]

1. Nf3 Nf6 2. b3 d5 3. Bb2 Bf5 4. e3 e6 5. Be2 Nc6 6. d3 Bd6 7. Nbd2 e5 8. O-O
O-O 9. Nh4 Bd7 10. Nhf3 Re8 11. Ne1 e4 12. dxe4 Nxe4 13. Nef3 Be6 14. Bd3 Qe7
15. Nd4 Nxd4 16. exd4 Rad8 17. Nf3 Bg4 18. Be2 Qf6 19. Qd3 Bf5 20. Qd1 Qh6 21.
Bc1 Qf6 22. Be3 Nc3 23. Qd2 Nxe2+ 24. Qxe2 Bg4 25. h3 Bh5 26. c3 Re4 27. Rae1
Rde8 28. Qd1 Bxf3 29. Qxf3 Qxf3 30. gxf3 Rh4 31. Kg2 Re6 32. Rh1 Rh5 33. Kf1
Rf5 34. f4 Bxf4 35. Bxf4 Rxe1+ 36. Kxe1 Rxf4 37. Ke2 f5 38. f3 Rh4 39. Kf2 Rh6
40. f4 Rc6 41. Rc1 b5 42. Kf3 Kf7 43. Ke3 Kg6 44. Kd3 Kh5 45. Re1 g5 46. Re5
Kg6 47. fxg5 Kxg5 48. Rxd5 Kf4 49. Rxb5 Re6 50. Rb7 Re7 51. d5 Kf3 52. Rxa7 f4
53. d6 Re3+ 54. Kd4 cxd6 55. Rxh7 Ke2 56. Rf7 f3 57. h4 f2 58. h5 Re8 59. Rxf2+
Kxf2 60. Kd5 Ke3 61. Kxd6 Kd3 62. c4 Rd8+ 63. Kc6 Kc3 64. Kb5 Rb8+ 65. Kc6 Kb4
66. Kc7 Rh8 67. c5 Kxc5 68. a3 Rxh5 69. b4+ Kb5 70. Kd6 Ka4 71. Kc6 Kxa3 72. b5
Rh6+ 73. Kc7 Rh7+ 74. Kc6 Kb4 75. b6 Rh6+ 76. Kc7 Kb5 77. b7 Rc6+ 78. Kd7 Rb6
79. Kc7 1/2-1/2

[Event "Amagermesterskabet Mester 2013"]
[Site "Sundbyoster"]
[Date "2013.08.27"]
[Round "2"]
[White "Brorsen, Jacob Abildlund"]
[Black "Petersen, Nils"]
[Result "1-0"]
[WhiteElo "2125"]
[BlackElo "1891"]
[PlyCount "57"]
[EventDate "2013.??.??"]

1. e4 c5 2. Nf3 e6 3. d4 cxd4 4. Nxd4 Nc6 5. Nc3 a6 6. g3 Qc7 7. Bg2 Nf6 8.
Nde2 Be7 9. O-O O-O 10. h3 b5 11. a3 Bb7 12. Bf4 d6 13. g4 Rfd8 14. Ng3 Rac8
15. Qe2 Ne5 16. g5 Nfd7 17. Rad1 Qc4 18. Qh5 g6 19. Qh4 a5 20. Be3 Qc6 21. f4
Nc4 22. Bc1 b4 23. axb4 axb4 24. Nce2 Qb6+ 25. Kh2 Ne3 26. Bxe3 Qxe3 27. Nd4 f6
28. Rd3 fxg5 29. Qg4 1-0

[Event "Amagermesterskabet Mester 2013"]
[Site "Sundbyoster"]
[Date "2013.08.27"]
[Round "2"]
[White "Lundborg, Jakob"]
[Black "Moller, Arne Vagn"]
[Result "0-1"]
[WhiteElo "1585"]
[BlackElo "1702"]
[PlyCount "66"]
[EventDate "2013.??.??"]

1. d4 Nf6 2. c4 e6 3. Nc3 Bb4 4. f3 d5 5. a3 Bxc3+ 6. bxc3 h6 7. Nh3 Nc6 8. Nf2
O-O 9. e3 Re8 10. Bd3 e5 11. O-O e4 12. cxd5 Nxd5 13. fxe4 Nf6 14. e5 Nh7 15.
Ne4 Be6 16. Qc2 Nf8 17. Qf2 Nxe5 18. Bc2 Ng4 19. Qg3 h5 20. Nc5 Bc4 21. Rf4 b6
22. Nd3 Ne6 23. Rf3 Ng5 24. Rf5 Ne4 25. Qf3 g6 26. Rf4 Nxc3 27. h3 Bd5 28. Qf1
Nxe3 29. Bxe3 Rxe3 30. Re1 Rxe1 31. Qxe1 Qg5 32. Qf2 Re8 33. Ne5 Ne2+ 0-1

[Event "Amagermesterskabet Mester 2013"]
[Site "Sundbyoster"]
[Date "2013.08.27"]
[Round "2"]
[White "Nielsen, Jorgen Kamp"]
[Black "Raad, Mads Bonde"]
[Result "0-1"]
[WhiteElo "1595"]
[BlackElo "1765"]
[PlyCount "58"]
[EventDate "2013.??.??"]

1. e4 e6 2. d4 d5 3. exd5 exd5 4. Nf3 Bd6 5. Nc3 c6 6. Bd3 Nf6 7. O-O O-O 8.
Re1 Bg4 9. Bg5 Nbd7 10. h3 Bh5 11. g4 Bg6 12. Ne5 Qc7 13. f4 Bxd3 14. Qxd3 h5
15. Qf3 Qb6 16. Qe3 c5 17. Ne2 Rfe8 18. c3 cxd4 19. cxd4 Nxe5 20. fxe5 Rxe5 21.
Qc1 Rae8 22. Bxf6 gxf6 23. Kf1 Re3 24. Qc2 Bb4 25. Nc3 Qxd4 26. Re2 Qc4 27.
Rae1 d4 28. Ne4 Qxc2 29. Nxf6+ Kf8 0-1

[Event "Amagermesterskabet Mester 2013"]
[Site "Sundbyoster"]
[Date "2013.08.27"]
[Round "2"]
[White "Svensson, John Michael"]
[Black "Petersen, Tobias Christian"]
[Result "1-0"]
[WhiteElo "1614"]
[BlackElo "1722"]
[PlyCount "110"]
[EventDate "2013.??.??"]

1. d4 f5 2. Nf3 Nf6 3. Nc3 c6 4. g3 d6 5. Bg2 h6 6. Nh4 g5 7. Ng6 Rg8 8. Nxf8
Rxf8 9. e4 Be6 10. h4 Nbd7 11. hxg5 hxg5 12. Bxg5 fxe4 13. Nxe4 Qa5+ 14. Qd2
Qb6 15. c3 O-O-O 16. Nxf6 Nxf6 17. Qe2 Bd7 18. O-O-O Qa5 19. Bxf6 exf6 20. Kb1
Rde8 21. Qd2 Be6 22. d5 Bf5+ 23. Ka1 c5 24. Qf4 Bc2 25. Rde1 Bb3 26. a3 Qd8 27.
Bh3+ Kc7 28. Be6 Re7 29. Rh6 Bxd5 30. Rxf6 Rxf6 31. Qxf6 Qe8 32. Bxd5 Rxe1+ 33.
Ka2 Qe7 34. Qf3 b6 35. Ba8 Qe6+ 36. Bd5 Qg6 37. Kb3 Rc1 38. Qe2 Qg5 39. Qe6 Qg7
40. g4 Qh7 41. Qe2 Rg1 42. f4 Kd8 43. f5 Qg7 44. Bf3 Qg8+ 45. Kc2 Qe8 46. Qd2
Kc7 47. Qd5 Qd7 48. Qb7+ Kd8 49. Qa8+ Ke7 50. Qe4+ Kf8 51. f6 d5 52. Qg6 c4 53.
b3 Rf1 54. Bxd5 cxb3+ 55. Kb2 Qxd5 1-0

[Event "Amagermesterskabet Mester 2013"]
[Site "Sundbyoster"]
[Date "2013.09.03"]
[Round "3"]
[White "Moller, Arne Vagn"]
[Black "Lontoft, Sven"]
[Result "1/2-1/2"]
[WhiteElo "1702"]
[BlackElo "1689"]
[PlyCount "96"]
[EventDate "2013.??.??"]

1. e4 e5 2. Nf3 Nc6 3. Bb5 a6 4. Ba4 Nf6 5. O-O b5 6. Bb3 Bc5 7. Nxe5 Nxe5 8.
d4 Bxd4 9. Qxd4 Nc6 10. Qd1 O-O 11. f3 h6 12. c4 Bb7 13. Nc3 bxc4 14. Bxc4 Ne5
15. Be2 Qe7 16. Be3 Rfd8 17. f4 Ng6 18. e5 d6 19. Qe1 dxe5 20. f5 Nf4 21. Bf3
Nd3 22. Qh4 Bxf3 23. Rxf3 Kf8 24. Bxh6 gxh6 25. Qxh6+ Ke8 26. Qh8+ Qf8 27. Qxf6
Qc5+ 28. Kf1 Nxb2 29. Re1 Qc4+ 30. Kf2 Rd2+ 31. Kg3 Nd3 32. Qh8+ Kd7 33. Qxa8
Nxe1 34. Ne4 Rxg2+ 35. Kh3 Qc6 36. Qxc6+ Kxc6 37. Re3 Rg1 38. Ng3 f6 39. Nh5
Ng2 40. Rc3+ Kd6 41. Nxf6 Nf4+ 42. Kh4 Rg2 43. h3 Rxa2 44. Ne8+ Kd7 45. Nxc7
Ne2 46. Rc4 Nd4 47. f6 Rf2 48. Nxa6 Rxf6 1/2-1/2

[Event "Amagermesterskabet Mester 2013"]
[Site "Sundbyoster"]
[Date "2013.09.03"]
[Round "3"]
[White "Nielsen, Jens Holm"]
[Black "Svensson, John Michael"]
[Result "1/2-1/2"]
[WhiteElo "1704"]
[BlackElo "1614"]
[PlyCount "127"]
[EventDate "2013.??.??"]

1. Nc3 c5 2. Nf3 Nf6 3. d4 cxd4 4. Nxd4 g6 5. Bg5 Bg7 6. Qd2 Nc6 7. Nxc6 bxc6
8. e4 Qa5 9. Bc4 Ba6 10. Bxa6 Qxa6 11. Qd3 Qa5 12. Bd2 Qh5 13. f3 Qe5 14. O-O
Qc7 15. Rae1 O-O 16. Kh1 d6 17. Nd1 Rad8 18. f4 d5 19. e5 Ne4 20. Bc1 Qa5 21.
a3 e6 22. b4 Qc7 23. c4 a5 24. Nf2 Nxf2+ 25. Rxf2 axb4 26. axb4 Qb6 27. Rb2 Qa6
28. b5 cxb5 29. cxb5 Qa5 30. Bd2 Qb6 31. Rc1 Ra8 32. Rc6 Qb7 33. Rb1 Rfc8 34.
Rbc1 Bf8 35. Qc2 Rxc6 36. Qxc6 Rb8 37. Qxb7 Rxb7 38. Rb1 Bc5 39. g3 Kf8 40. Kg2
Ke8 41. Kf3 Kd7 42. h4 Rb8 43. g4 Kc7 44. g5 Kb6 45. Kg4 Rc8 46. h5 Rc7 47.
hxg6 hxg6 48. Kf3 Bd4 49. Bb4 Bc5 50. Bc3 Ra7 51. Ke2 Ra2+ 52. Kd3 Ra3 53. Kc2
Be3 54. Bb2 Ra4 55. Kd3 Bxf4 56. Bd4+ Kb7 57. Rf1 Ra3+ 58. Kc2 Bxg5 59. Rxf7+
Kb8 60. Bc3 Ra4 61. Kb3 Rf4 62. Rg7 Rf3 63. Kb4 Rg3 64. Bd4 1/2-1/2

[Event "Amagermesterskabet Mester 2013"]
[Site "Sundbyoster"]
[Date "2013.09.03"]
[Round "3"]
[White "Petersen, Nils"]
[Black "Lundborg, Jakob"]
[Result "1-0"]
[WhiteElo "1891"]
[BlackElo "1585"]
[PlyCount "83"]
[EventDate "2013.??.??"]

1. c4 Nf6 2. g3 e6 3. Bg2 c6 4. Nf3 d5 5. O-O Be7 6. b3 Nbd7 7. Bb2 O-O 8. d3
a6 9. a4 Qc7 10. cxd5 exd5 11. Nbd2 Ng4 12. h3 Bf6 13. Bxf6 Ngxf6 14. e4 Re8
15. Qc2 Ne5 16. Nxe5 Qxe5 17. f4 Qd4+ 18. Kh2 dxe4 19. dxe4 Bd7 20. Rad1 Qb4
21. Nc4 Be6 22. Rfe1 Bxc4 23. Qxc4 Qxc4 24. bxc4 Rad8 25. e5 Nd7 26. a5 Nc5 27.
Rxd8 Rxd8 28. Rb1 Rd2 29. Kg1 Ra2 30. Bxc6 Rxa5 31. Bxb7 Nxb7 32. Rxb7 Kf8 33.
Rc7 Ra2 34. f5 a5 35. f6 gxf6 36. exf6 Ke8 37. c5 Re2 38. c6 Rd2 39. Re7+ Kf8
40. c7 Rc2 41. Rd7 Ke8 42. Rd8# 1-0

[Event "Amagermesterskabet Mester 2013"]
[Site "Sundbyoster"]
[Date "2013.09.03"]
[Round "3"]
[White "Petersen, Tobias Christian"]
[Black "Nielsen, Jorgen Kamp"]
[Result "1-0"]
[WhiteElo "1722"]
[BlackElo "1595"]
[PlyCount "123"]
[EventDate "2013.??.??"]

1. Nf3 g6 2. d4 c5 3. dxc5 Qa5+ 4. c3 Qxc5 5. Be3 Qc7 6. g3 Bg7 7. Bg2 Nf6 8.
Na3 Nc6 9. Nb5 Qa5 10. Nbd4 O-O 11. Nb3 Qc7 12. Nfd4 d6 13. Qd2 Ng4 14. Bg5 h6
15. Be3 Nxe3 16. Qxe3 Re8 17. O-O a6 18. Nf3 Rb8 19. Rac1 Bd7 20. Nbd2 b5 21.
b3 Qc8 22. Nd4 Ne5 23. N2f3 Bh3 24. Rfd1 Bxg2 25. Kxg2 Ng4 26. Qd2 Qb7 27. Kg1
e5 28. Nc2 Qa7 29. e3 Rbd8 30. Nb4 Qb7 31. Qd5 Qc8 32. c4 Nf6 33. Qc6 a5 34.
Qxc8 Rxc8 35. Nd5 bxc4 36. Rxc4 Rxc4 37. bxc4 Nxd5 38. Rxd5 Ra8 39. Rxd6 Bf8
40. Rd5 f6 41. Nh4 g5 42. Nf5 a4 43. Rd7 Rc8 44. Nd6 Bxd6 45. Rxd6 Kf7 46. Rd7+
Kg6 47. Ra7 Rxc4 48. Kg2 g4 49. Ra8 Kg7 50. a3 e4 51. Rb8 Kf7 52. Rb7+ Kg6 53.
Ra7 h5 54. h3 Kh6 55. Ra8 Kg7 56. h4 Kf7 57. Kf1 Kg7 58. Ke2 Kf7 59. Kd2 Ke6
60. Ra6+ Kf5 61. Rb6 Kg6 62. Rb4 1-0

[Event "Amagermesterskabet Mester 2013"]
[Site "Sundbyoster"]
[Date "2013.09.03"]
[Round "3"]
[White "Raad, Mads Bonde"]
[Black "Brorsen, Jacob Abildlund"]
[Result "1/2-1/2"]
[WhiteElo "1765"]
[BlackElo "2125"]
[PlyCount "108"]
[EventDate "2013.??.??"]

1. e4 e5 2. Nf3 Nc6 3. Bb5 a6 4. Ba4 Nf6 5. O-O Be7 6. Re1 b5 7. Bb3 O-O 8. d3
d6 9. c3 Na5 10. Bc2 c5 11. Nbd2 Re8 12. Nf1 Bf8 13. Ng3 Nc6 14. h3 g6 15. Bg5
h6 16. Be3 Bg7 17. Qd2 Kh7 18. a3 Bb7 19. b4 cxb4 20. axb4 d5 21. exd5 Nxd5 22.
Ne4 f5 23. Nc5 Bc8 24. Nb3 Be6 25. Bc5 Qd7 26. c4 Nf4 27. cxb5 axb5 28. d4 Rxa1
29. Rxa1 Qd5 30. dxe5 Nxh3+ 31. Kh2 Qxd2 32. Nbxd2 Ng5 33. Bd6 Nf7 34. Re1 Bd5
35. Bd3 Nxd6 36. exd6 Rxe1 37. Nxe1 Be5+ 38. Kg1 Bxd6 39. Bxb5 Bxb4 40. Bxc6
Bxc6 41. Ndf3 Bc3 42. Kf1 Bb5+ 43. Kg1 Be2 44. Nc2 Bxf3 45. gxf3 Kg7 46. Kg2
Kf6 47. Kg3 Ke5 48. f4+ Ke4 49. Ne3 g5 50. fxg5 f4+ 51. Kg4 fxe3 52. fxe3 hxg5
53. Kxg5 Bf6+ 54. Kxf6 Kxe3 1/2-1/2

[Event "Amagermesterskabet Mester 2013"]
[Site "Sundbyoster"]
[Date "2013.09.10"]
[Round "4"]
[White "Brorsen, Jacob Abildlund"]
[Black "Petersen, Tobias Christian"]
[Result "1-0"]
[WhiteElo "2125"]
[BlackElo "1722"]
[PlyCount "51"]
[EventDate "2013.??.??"]

1. d4 f5 2. c4 Nf6 3. g3 c6 4. Bg2 g6 5. Nf3 d6 6. O-O Bg7 7. Nc3 O-O 8. Qb3
Kh8 9. h3 Qc7 10. d5 Nbd7 11. Be3 c5 12. Ng5 Nb6 13. a4 h6 14. Ne6 Bxe6 15.
dxe6 Rab8 16. a5 Na8 17. Nd5 Nxd5 18. cxd5 b6 19. a6 Qc8 20. Qc4 Nc7 21. Qh4 g5
22. Bxg5 Bf6 23. Qxh6+ Kg8 24. Qg6+ Kh8 25. Ra4 Bxg5 26. Qh5+ 1-0

[Event "Amagermesterskabet Mester 2013"]
[Site "Sundbyoster"]
[Date "2013.09.17"]
[Round "4"]
[White "Lundborg, Jakob"]
[Black "Lontoft, Sven"]
[Result "0-1"]
[WhiteElo "1585"]
[BlackElo "1689"]
[PlyCount "74"]
[EventDate "2013.??.??"]

1. d4 Nf6 2. c4 g6 3. Nc3 d5 4. Qb3 c6 5. Nf3 Bg7 6. cxd5 cxd5 7. Bf4 a6 8. e3
O-O 9. Bd3 Nc6 10. O-O Na5 11. Qc2 Bg4 12. Ne5 Bd7 13. Nxd7 Qxd7 14. h3 Rac8
15. Qe2 Nc4 16. e4 Nh5 17. Nxd5 Nxf4 18. Nxf4 Qxd4 19. Nd5 Rfe8 20. Rac1 Nd6
21. Rxc8 Nxc8 22. Rc1 Nd6 23. b3 e6 24. Ne3 Nxe4 25. Rc7 Qa1+ 26. Nf1 Nd6 27.
Qd2 Qe5 28. Qc2 Rd8 29. Rc5 Qd4 30. Nd2 Qa1+ 31. Nf1 Bd4 32. Rc7 Bb6 33. Rc3
Qe1 34. a4 Bxf2+ 35. Kh1 Bd4 36. Rc7 Nf5 37. Kh2 Be5+ 0-1

[Event "Amagermesterskabet Mester 2013"]
[Site "Sundbyoster"]
[Date "2013.09.17"]
[Round "4"]
[White "Nielsen, Jorgen Kamp"]
[Black "Nielsen, Jens Holm"]
[Result "1-0"]
[WhiteElo "1595"]
[BlackElo "1704"]
[PlyCount "41"]
[EventDate "2013.??.??"]

1. e4 d5 2. exd5 Qxd5 3. Nc3 Qd6 4. d4 Nf6 5. Nf3 a6 6. g3 b5 7. Bf4 Qb6 8. Bg2
Bb7 9. O-O Nd5 10. Qd2 e6 11. Rfe1 Be7 12. Ne5 Bb4 13. Nxd5 Bxd2 14. Nxb6 Bxe1
15. Nxa8 Bxg2 16. Kxg2 Ba5 17. Nxc7+ Ke7 18. Nxa6 f6 19. Nxb8 fxe5 20. Nc6+ Kd7
21. Nxe5+ 1-0

[Event "Amagermesterskabet Mester 2013"]
[Site "Sundbyoster"]
[Date "2013.09.10"]
[Round "4"]
[White "Petersen, Nils"]
[Black "Raad, Mads Bonde"]
[Result "0-1"]
[WhiteElo "1891"]
[BlackElo "1765"]
[PlyCount "38"]
[EventDate "2013.??.??"]

1. c4 Nf6 2. g3 c6 3. Nf3 d5 4. Bg2 Nbd7 5. cxd5 cxd5 6. d4 e6 7. O-O Bd6 8.
Nc3 O-O 9. e4 dxe4 10. Ng5 Nb6 11. Ngxe4 Nxe4 12. Nxe4 Bc7 13. Nc3 Qf6 14. Be3
Rd8 15. Qb3 Bd7 16. Bxb7 Rab8 17. Ne4 Qf3 18. Nc5 Rxb7 19. Nxb7 Bc6 0-1

[Event "Amagermesterskabet Mester 2013"]
[Site "Sundbyoster"]
[Date "2013.09.10"]
[Round "4"]
[White "Svensson, John Michael"]
[Black "Moller, Arne Vagn"]
[Result "0-1"]
[WhiteElo "1614"]
[BlackElo "1702"]
[PlyCount "34"]
[EventDate "2013.??.??"]

1. d4 Nf6 2. c4 e6 3. Nc3 Bb4 4. Qc2 c5 5. e3 Nc6 6. Nf3 d5 7. a3 Qa5 8. Rb1
Bxc3+ 9. bxc3 cxd4 10. exd4 Ne4 11. Bb2 O-O 12. Bd3 f5 13. O-O Bd7 14. cxd5
exd5 15. Nd2 Nxd4 16. Qc1 Rac8 17. Bxe4 Ne2+ 0-1

[Event "Amagermesterskabet Mester 2013"]
[Site "Sundbyoster"]
[Date "2013.09.24"]
[Round "5"]
[White "Nielsen, Jens Holm"]
[Black "Brorsen, Jacob Abildlund"]
[Result "0-1"]
[WhiteElo "1704"]
[BlackElo "2125"]
[PlyCount "62"]
[EventDate "2013.??.??"]

1. d4 c5 2. c3 Nf6 3. Nf3 Qc7 4. e3 d5 5. Nbd2 Bg4 6. Qa4+ Bd7 7. Qc2 Bc6 8.
Ne5 e6 9. Be2 Bd6 10. f4 Nbd7 11. O-O Ne4 12. Nxd7 Qxd7 13. Nxe4 dxe4 14. Bd2
O-O-O 15. a4 g5 16. b4 cxb4 17. cxb4 Kb8 18. b5 Bd5 19. Bh5 gxf4 20. exf4 f5
21. Qb2 Rhg8 22. Be3 Qg7 23. Rf2 Qe7 24. Rb1 Qh4 25. Be2 Rg6 26. Bf1 Rdg8 27.
Qd2 Rh6 28. g4 Rxg4+ 29. Rg2 Qxh2+ 30. Kf2 Qh4+ 31. Ke2 Bc4+ 0-1

[Event "Amagermesterskabet Mester 2013"]
[Site "Sundbyoster"]
[Date "2013.09.24"]
[Round "5"]
[White "Petersen, Tobias Christian"]
[Black "Petersen, Nils"]
[Result "0-1"]
[WhiteElo "1722"]
[BlackElo "1891"]
[PlyCount "128"]
[EventDate "2013.??.??"]

1. Nf3 c5 2. b3 d6 3. Nc3 Nf6 4. Bb2 e5 5. e4 Be7 6. Be2 O-O 7. O-O Nc6 8. d3
h6 9. h3 Be6 10. Qd2 Qd7 11. Nh2 d5 12. exd5 Nxd5 13. Ng4 Bg5 14. Qe1 Ndb4 15.
Bd1 Bxg4 16. hxg4 Rae8 17. Ne4 Be7 18. a3 Nd5 19. Bf3 Nd4 20. Bd1 Nf4 21. Qd2
f5 22. gxf5 Qxf5 23. Ng3 Qg6 24. Bxd4 exd4 25. Bf3 b6 26. Rae1 Bg5 27. Qd1 Bh4
28. Nh1 Bd8 29. Rxe8 Rxe8 30. Re1 Bc7 31. Kf1 Kf8 32. Rxe8+ Qxe8 33. Be4 Qh5
34. Qxh5 Nxh5 35. Ke2 Ke7 36. g3 g5 37. Kf3 Nf6 38. Bb7 Ke6 39. Kg2 Nd5 40.
Bxd5+ Kxd5 41. f3 b5 42. Nf2 Bd8 43. f4 gxf4 44. gxf4 Be7 45. Kf3 h5 46. Nh1 c4
47. a4 cxb3 48. cxb3 bxa4 49. bxa4 a5 50. Ng3 h4 51. Nf5 Bf6 52. Kg4 Kc5 53.
Nxh4 Kb4 54. Nf3 Kxa4 55. Nd2 Kb4 56. Kf5 Bd8 57. Ke4 Bb6 58. f5 a4 59. f6 a3
60. f7 Bc5 61. Kd5 Bf8 62. Nf3 a2 63. Nxd4 Kc3 64. Ne2+ Kb2 0-1

[Event "Amagermesterskabet Mester 2013"]
[Site "Sundbyoster"]
[Date "2013.09.24"]
[Round "5"]
[White "Raad, Mads Bonde"]
[Black "Lundborg, Jakob"]
[Result "0-1"]
[WhiteElo "1765"]
[BlackElo "1585"]
[PlyCount "60"]
[EventDate "2013.??.??"]

1. e4 c6 2. d4 d5 3. exd5 cxd5 4. c4 Nf6 5. Nc3 Nc6 6. Nf3 Bg4 7. Be2 dxc4 8.
d5 Bxf3 9. gxf3 Ne5 10. Qd4 Nd3+ 11. Bxd3 cxd3 12. Qxd3 e6 13. Qb5+ Qd7 14.
dxe6 fxe6 15. Bf4 Qxb5 16. Nxb5 Bb4+ 17. Ke2 Nd5 18. Bd6 Ba5 19. Rac1 Kd7 20.
Be5 Rhg8 21. Rhd1 Ke7 22. Rd4 a6 23. Nd6 b5 24. Rh4 h6 25. Ne4 Rac8 26. Rxc8
Rxc8 27. Bxg7 Rc2+ 28. Kf1 Bb6 29. Rxh6 Nf4 30. Rh7 Rc1# 0-1

[Event "Amagermesterskabet Mester 2013"]
[Site "Sundbyoster"]
[Date "2013.09.17"]
[Round "6"]
[White "Brorsen, Jacob Abildlund"]
[Black "Moller, Arne Vagn"]
[Result "1-0"]
[WhiteElo "2125"]
[BlackElo "1702"]
[PlyCount "51"]
[EventDate "2013.??.??"]

1. d4 Nf6 2. c4 e6 3. Nc3 c5 4. d5 exd5 5. cxd5 d6 6. e4 g6 7. f4 Bg7 8. Bb5+
Bd7 9. Bd3 O-O 10. Nf3 b5 11. O-O c4 12. Bc2 Ng4 13. Qe1 Na6 14. h3 Nb4 15. Bb1
Nf6 16. a3 Na6 17. e5 Re8 18. Qf2 Nh5 19. g4 dxe5 20. fxe5 Bxe5 21. Nxe5 Rxe5
22. Qxf7+ Kh8 23. gxh5 Rxh5 24. Be3 Qh4 25. Ne4 Re8 26. Bd4+ 1-0

[Event "Amagermesterskabet Mester 2013"]
[Site "Sundbyoster"]
[Date "2013.10.01"]
[Round "6"]
[White "Lundborg, Jakob"]
[Black "Svensson, John Michael"]
[Result "1/2-1/2"]
[WhiteElo "1585"]
[BlackElo "1614"]
[PlyCount "100"]
[EventDate "2013.??.??"]

1. d4 Nf6 2. c4 e6 3. Nf3 c5 4. d5 exd5 5. cxd5 d6 6. Nc3 Bf5 7. Qa4+ Nbd7 8.
e4 Bg6 9. e5 dxe5 10. Nxe5 a6 11. Nxg6 hxg6 12. Qd1 Bd6 13. Qe2+ Kf8 14. Bg5
Qc7 15. O-O-O b5 16. Kb1 b4 17. Ne4 Nxe4 18. Qxe4 Re8 19. Qc2 Qb7 20. Qa4 Nb8
21. Bc4 f6 22. Bc1 Rh4 23. Qc2 Nd7 24. g3 Rd4 25. Rxd4 cxd4 26. f4 Kf7 27. Qd3
a5 28. Qxd4 Nc5 29. Qd1 a4 30. Re1 b3 31. Rxe8 bxa2+ 32. Kxa2 Kxe8 33. Qe2+ Kf7
34. Be3 Nb3 35. Kb1 Qe7 36. Qd3 Qe8 37. Qe4 Qb8 38. Qe6+ Kf8 39. Qd7 a3 40. Qb5
Qxb5 41. Bxb5 axb2 42. Kxb2 Nc5 43. Kc3 Ke7 44. Kc4 Ne4 45. Bc6 f5 46. Kb5 Nf6
47. Kc4 Ne8 48. Ba4 Nf6 49. Bc2 Kd7 50. Kb5 Nxd5 1/2-1/2

[Event "Amagermesterskabet Mester 2013"]
[Site "Sundbyoster"]
[Date "2013.10.01"]
[Round "6"]
[White "Nielsen, Jorgen Kamp"]
[Black "Lontoft, Sven"]
[Result "0-1"]
[WhiteElo "1595"]
[BlackElo "1689"]
[PlyCount "72"]
[EventDate "2013.??.??"]

1. e4 c5 2. Nc3 Nc6 3. f4 g6 4. Nf3 Bg7 5. Bc4 e6 6. O-O Nge7 7. a4 O-O 8. Kh1
d5 9. exd5 exd5 10. Ba2 Nb4 11. d3 Nxa2 12. Rxa2 Be6 13. d4 Nf5 14. Ne2 Qc7 15.
c3 Rfe8 16. Ne5 Rac8 17. Ra1 cxd4 18. Nxd4 Bxe5 19. Nb5 Qc5 20. fxe5 Bd7 21.
Qf3 Rxe5 22. g4 Bxb5 23. axb5 Nd6 24. Bf4 Re7 25. Bxd6 Qxd6 26. Rxa7 Qb6 27.
Ra4 Qxb5 28. Rf4 Rcc7 29. Rf2 Qc5 30. Kg2 Re3 31. Qd1 Rce7 32. Rd4 R3e5 33. Qd2
Qc6 34. Rb4 d4+ 35. Kg1 Re1+ 36. Rf1 R7e2 0-1

[Event "Amagermesterskabet Mester 2013"]
[Site "Sundbyoster"]
[Date "2013.10.01"]
[Round "6"]
[White "Petersen, Nils"]
[Black "Nielsen, Jens Holm"]
[Result "1-0"]
[WhiteElo "1891"]
[BlackElo "1704"]
[PlyCount "61"]
[EventDate "2013.??.??"]

1. c4 g6 2. g3 c5 3. Bg2 Nc6 4. Nc3 Bg7 5. Nf3 e5 6. O-O Nge7 7. Ne1 O-O 8. Nc2
d6 9. Ne3 Rb8 10. a4 Be6 11. Ned5 a6 12. d3 b6 13. Rb1 Qd7 14. Re1 Kh8 15. Nxe7
Nxe7 16. b4 f5 17. e4 f4 18. f3 g5 19. g4 Ng6 20. Ba3 Nh4 21. h3 h5 22. Kf2
hxg4 23. hxg4 Bxg4 24. fxg4 Nxg2 25. Kxg2 f3+ 26. Kf2 Qxg4 27. Rh1+ Kg8 28. Qg1
Qf4 29. Bc1 Qf7 30. Bxg5 cxb4 31. Nd5 1-0

[Event "Amagermesterskabet Mester 2013"]
[Site "Sundbyoster"]
[Date "2013.10.01"]
[Round "6"]
[White "Raad, Mads Bonde"]
[Black "Petersen, Tobias Christian"]
[Result "0-1"]
[WhiteElo "1765"]
[BlackElo "1722"]
[PlyCount "48"]
[EventDate "2013.??.??"]

1. e4 e6 2. d4 b6 3. Bd3 Bb7 4. Nf3 d5 5. e5 c5 6. c3 Nc6 7. O-O c4 8. Be2 Nge7
9. Na3 a6 10. Nc2 Ng6 11. Bg5 Be7 12. Bxe7 Qxe7 13. Qd2 O-O 14. Nfe1 f5 15.
exf6 Qxf6 16. Ne3 Rae8 17. Bg4 Qd8 18. Bh5 Qg5 19. Bf3 Nh4 20. Nxc4 Qg6 21. Nd6
Re7 22. Qe2 Rxf3 23. Nxb7 Rxb7 24. Qxa6 Rb8 0-1

[Event "Amagermesterskabet Mester 2013"]
[Site "Sundbyoster"]
[Date "2013.10.22"]
[Round "7"]
[White "Lontoft, Sven"]
[Black "Brorsen, Jacob Abildlund"]
[Result "0-1"]
[WhiteElo "1689"]
[BlackElo "2125"]
[PlyCount "52"]
[EventDate "2013.??.??"]

1. e4 c5 2. Nf3 d6 3. d4 cxd4 4. Nxd4 Nf6 5. Nc3 g6 6. Be3 Bg7 7. Be2 O-O 8.
Qd2 Nc6 9. f4 Qa5 10. Nb3 Qc7 11. Nb5 Qd8 12. Bf3 h5 13. N5d4 Ng4 14. Bg1 e5
15. Nxc6 bxc6 16. h3 Qh4+ 17. Kd1 exf4 18. Kc1 Ne5 19. Bf2 Qf6 20. c3 c5 21.
Kc2 a5 22. a4 Be6 23. Nc1 Rab8 24. Rd1 Nc4 25. Qe1 Rxb2+ 26. Kd3 Ne5# 0-1

[Event "Amagermesterskabet Mester 2013"]
[Site "Sundbyoster"]
[Date "2013.10.08"]
[Round "7"]
[White "Moller, Arne Vagn"]
[Black "Petersen, Nils"]
[Result "1-0"]
[WhiteElo "1702"]
[BlackElo "1891"]
[PlyCount "105"]
[EventDate "2013.??.??"]

1. e4 c5 2. Nf3 e6 3. d4 cxd4 4. Nxd4 Nc6 5. Be3 Nf6 6. Nd2 d5 7. Nxc6 bxc6 8.
e5 Nd7 9. f4 Bc5 10. Bxc5 Nxc5 11. b4 Nd7 12. Qg4 g6 13. a4 h5 14. Qf3 Rb8 15.
Rb1 a6 16. c4 Qe7 17. Qc3 O-O 18. Bd3 Bb7 19. O-O Rfd8 20. c5 a5 21. Rfc1 axb4
22. Rxb4 Ba8 23. Rxb8 Rxb8 24. a5 Nf8 25. a6 Qa7 26. Nb3 Nd7 27. Nd4 Kg7 28. h3
Qc7 29. Nf3 Nf8 30. g4 hxg4 31. hxg4 Nd7 32. Ng5 Rh8 33. Kg2 Rh6 34. Be2 Rh8
35. Rb1 Qa7 36. f5 gxf5 37. gxf5 exf5 38. e6+ Nf6 39. Nxf7 Rg8 40. Kf3 Qe7 41.
Rg1+ Kf8 42. Rxg8+ Nxg8 43. Qe5 Qf6 44. Qd6+ Kg7 45. Qg3+ Qg6 46. Nd6 Qxg3+ 47.
Kxg3 Ne7 48. Ne8+ Kg6 49. Nc7 Kf6 50. Nxa8 Nc8 51. Nc7 Ke7 52. Kf4 Kd8 53. Na8
1-0